UEFA Champions League 2024/25 First XI - Statistics

General Stats
  • This quiz has been taken 480 times
    478 since last reset
  • The average score is 113 of 396
Answer Stats
Club Player Nationality Position % Correct
Liverpool Mohamed Salah RW
89%
Liverpool Alisson GK
87%
Aston Villa Emiliano Martínez GK
87%
Girona Iván Martín DM
87%
FC Barcelona Iñigo Martínez CB
86%
Girona Arnau Martinez RB
85%
Liverpool Diogo Jota FW
85%
Liverpool Virgil van Dijk CB
85%
Liverpool Cody Gakpo LW
84%
Manchester City Erling Haaland FW
84%
Manchester City Ederson GK
83%
Atalanta Bergamo Éderson CM
83%
Liverpool Alexis Mac Allister DM
82%
Liverpool Ibrahima Konaté CB
82%
Bayern Munich Alphonso Davies LB
81%
Manchester City Bernardo Silva CM
81%
Bayern Munich Harry Kane FW
81%
Bayern Munich Kim Min-jae CB
81%
Manchester City Rodri DM
81%
Bayern Munich Manuel Neuer GK
80%
Manchester City Rúben Dias CB
80%
Manchester City Kevin De Bruyne CM
79%
Liverpool Trent Alexander-Arnold RB
79%
Benfica António Silva CB
78%
Liverpool Dominik Szoboszlai AM
78%
Bayern Munich Joshua Kimmich DM
78%
Manchester City Joško Gvardiol LB
78%
Inter Milan Yann Sommer GK
78%
Bayern Munich Dayot Upamecano CB
77%
Bayern Munich Jamal Musiala AM
77%
Manchester City Manuel Akanji RB
77%
Liverpool Ryan Gravenberch DM
77%
Juventus Dušan Vlahović FW
76%
Manchester City Jack Grealish LW
76%
Liverpool Kostas Tsimikas LB
76%
Inter Milan Marcus Thuram FW
74%
Aston Villa Ollie Watkins FW
74%
Paris Saint-Germain Achraf Hakimi RB
73%
Bayern Munich Michael Olise RW
73%
Paris Saint-Germain Ousmane Dembélé RW
73%
Bayern Munich Serge Gnabry LW
73%
Inter Milan Alessandro Bastoni CB
72%
Inter Milan Nicolò Barella CM
72%
Inter Milan Hakan Çalhanoğlu CM
71%
Real Madrid Kylian Mbappé FW
70%
Paris Saint-Germain Nuno Mendes LB
70%
Aston Villa Pau Torres CB
69%
Paris Saint-Germain Vitinha CM
69%
Paris Saint-Germain Bradley Barcola LW
68%
Paris Saint-Germain Marquinhos CB
68%
Inter Milan Mehdi Taremi FW
68%
Arsenal Bukayo Saka RW
66%
Arsenal Gabriel Martinelli LW
66%
Real Madrid Rodrygo RW
66%
Aston Villa Youri Tielemans DM
66%
Arsenal Gabriel Jesus FW
65%
Real Madrid Jude Bellingham CM
65%
Real Madrid Antonio Rüdiger CB
64%
Juventus Kenan Yıldız LW
64%
Arsenal William Saliba CB
64%
Paris Saint-Germain Willian Pacho CB
64%
Arsenal David Raya GK
63%
Real Madrid Federico Valverde CM
63%
Real Madrid Thibaut Courtois GK
63%
Juventus Weston McKennie RM
63%
Inter Milan Francesco Acerbi CB
62%
Dinamo Zagreb Ronaël Pierre-Gabriel RB
62%
Real Madrid Ferland Mendy LB
61%
Aston Villa John McGinn RW
61%
Inter Milan Piotr Zieliński CM
61%
Arsenal Thomas Partey CM
61%
Atalanta Bergamo Ademola Lookman AM
59%
Real Madrid Aurélien Tchouaméni CM
59%
Bayern Munich Raphaël Guerreiro RB
59%
Sporting Viktor Gyökeres FW
59%
FC Barcelona Robert Lewandowski FW
58%
Juventus Gleison Bremer CB
57%
LOSC Lille Jonathan David FW
57%
Aston Villa Lucas Digne LB
57%
Aston Villa Amadou Onana DM
56%
Benfica Ángel Di María RW
56%
Arsenal Kai Havertz RM
56%
FC Barcelona Lamine Yamal RW
56%
Paris Saint-Germain Marco Asensio FW
56%
Arsenal Ben White RB
55%
Real Madrid Dani Carvajal CB
55%
FC Barcelona Marc-André ter Stegen GK
55%
FC Barcelona Pedri AM
55%
FC Barcelona Raphinha LW
55%
AC Milan Rafael Leão LW
53%
AC Milan Christian Pulisic RW
52%
Aston Villa Ezri Konsa CB
52%
FC Barcelona Jules Koundé RB
52%
Real Madrid Vinicius Júnior LW
52%
Arsenal Declan Rice LM
51%
Arsenal Jurriën Timber LB
51%
Feyenoord Quinten Timber CM
51%
Borussia Dortmund Gregor Kobel GK
50%
Bayern Munich Aleksandar Pavlovic DM
49%
AC Milan Strahinja Pavlović CB
49%
Dinamo Zagreb Marko Rog CM
48%
AC Milan Mike Maignan GK
48%
Aston Villa Morgan Rogers AM
48%
Manchester City Sávio RW
48%
AC Milan Theo Hernández LB
48%
Atletico Madrid Jan Oblak GK
47%
Atletico Madrid Julián Álvarez FW
47%
Inter Milan Yann Aurel Bisseck CB
47%
Atletico Madrid Antoine Griezmann AM
46%
Manchester City Rico Lewis DM
46%
Feyenoord Santiago Giménez FW
46%
Juventus Teun Koopmeiners LM
46%
FC Barcelona Alejandro Balde LB
45%
Borussia Dortmund Donyell Malen FW
45%
Bayer 04 Leverkusen Florian Wirtz AM
45%
Benfica Nicolás Otamendi CB
45%
FC Barcelona Pau Cubarsí CB
45%
Benfica Vangelis Pavlidis FW
45%
Bayer 04 Leverkusen Álex Grimaldo WB
44%
Borussia Dortmund Emre Can DM
44%
AC Milan Álvaro Morata FW
43%
Inter Milan Matteo Darmian WB
43%
Bayer 04 Leverkusen Granit Xhaka CM
42%
Bayer 04 Leverkusen Jeremie Frimpong WB
42%
Juventus Manuel Locatelli CM
42%
Bayer 04 Leverkusen Jonathan Tah CB
41%
Real Madrid Lucas Vázquez RB
41%
Juventus Nicolás González RW
41%
PSV Eindhoven Luuk de Jong FW
40%
Juventus Michele Di Gregorio GK
40%
Bayer 04 Leverkusen Victor Boniface FW
40%
Paris Saint-Germain Warren Zaïre-Emery RM
40%
Inter Milan Carlos Augusto WB
39%
AC Milan Fikayo Tomori CB
39%
AC Milan Tijjani Reijnders AM
39%
Arsenal Gabriel Magalhães CB
38%
Borussia Dortmund Marcel Sabitzer RW
38%
Atalanta Bergamo Mateo Retegui FW
38%
Benfica Anatolii Trubin GK
37%
Atalanta Bergamo Charles De Ketelaere AM
37%
Borussia Dortmund Julian Brandt AM
37%
Borussia Dortmund Karim Adeyemi LW
37%
Bayer 04 Leverkusen Piero Hincapié CB
37%
RB Leipzig Benjamin Šeško FW
36%
Atalanta Bergamo Marten de Roon CM
36%
Borussia Dortmund Nico Schlotterbeck CB
36%
Bayer 04 Leverkusen Edmond Tapsoba CB
35%
Benfica Orkun Kökçü DM
35%
Juventus Pierre Kalulu RB
35%
Borussia Dortmund Ramy Bensebaini LB
35%
Atletico Madrid Rodrigo De Paul CM
35%
Juventus Federico Gatti CB
34%
Bayer 04 Leverkusen Lukáš Hrádecký GK
34%
Borussia Dortmund Julian Ryerson RB
33%
AC Milan Ruben Loftus-Cheek DM
33%
Girona Cristhian Stuani FW
32%
Borussia Dortmund Niklas Süle CB
32%
Atletico Madrid Koke CM
30%
Atalanta Bergamo Sead Kolašinac CB
30%
FC Barcelona Eric García DM
29%
RB Leipzig Loïs Openda FW
29%
Paris Saint-Germain Matvei Safonov GK
29%
Juventus Andrea Cambiaso LB
28%
Atalanta Bergamo Berat Djimsiti CB
28%
Monaco Breel Embolo FW
28%
PSV Eindhoven Johan Bakayoko RW
28%
FC Barcelona Marc Casado DM
28%
RB Leipzig Xavi Simons LM
28%
AC Milan Davide Calabria RB
27%
Aston Villa Jacob Ramsey LW
27%
RB Leipzig Péter Gulácsi GK
27%
Atletico Madrid Ángel Correa AM
26%
Girona David López CB
26%
PSV Eindhoven Guus Til RM
25%
Atletico Madrid Marcos Llorente WB
25%
Benfica Kerem Aktürkoğlu LW
24%
Benfica Alexander Bah RB
23%
LOSC Lille Angel Gomes CM
23%
Girona Paulo Gazzaniga GK
23%
AC Milan Youssouf Fofana DM
23%
Sporting Francisco Trincão AM
22%
Atalanta Bergamo Isak Hien CB
22%
RB Leipzig Willi Orban CB
22%
Benfica Álvaro Carreras LB
21%
Sporting Gonçalo Inácio CB
21%
Bologna Remo Freuler CM
21%
Monaco Takumi Minamino AM
21%
Atalanta Bergamo Davide Zappacosta WB
20%
LOSC Lille Edon Zhegrova RM
20%
Celtic Kasper Schmeichel GK
20%
LOSC Lille Lucas Chevalier GK
20%
Bologna Łukasz Skorupski GK
20%
PSV Eindhoven Malik Tillman LW
20%
Sporting Ousmane Diomande CB
20%
Bayer 04 Leverkusen Robert Andrich CM
20%
Bologna Dan Ndoye LW
19%
Celtic Daizen Maeda LW
18%
Sporting Morten Hjulmand CM
18%
PSV Eindhoven Olivier Boscagli CB
18%
Bologna Riccardo Orsolini RW
18%
Dinamo Zagreb Bruno Petković FW
17%
Atletico Madrid Robin Le Normand CB
17%
RB Leipzig David Raum LB
16%
Monaco Denis Zakaria DM
16%
VfB Stuttgart Deniz Undav FW
16%
Girona Donny van de Beek AM
16%
Sporting Pedro Gonçalves AM
16%
Club Brugge Simon Mignolet GK
16%
LOSC Lille Thomas Meunier RB
16%
Sporting Zeno Debast CB
16%
Feyenoord Dávid Hancko LB
15%
PSV Eindhoven Joey Veerman LM
15%
Atalanta Bergamo Marco Carnesecchi GK
15%
Atletico Madrid Reinildo Mandava CB
15%
Monaco Thilo Kehrer CB
15%
Club Brugge Hans Vanaken CM
14%
PSV Eindhoven Jerdy Schouten CM
14%
Bologna Stefan Posch RB
14%
Stade Brest Abdallah Sima LW
13%
VfB Stuttgart Alexander Nübel GK
13%
VfB Stuttgart Angelo Stiller CM
13%
Bologna antiago Castro FW
13%
RB Leipzig Castello Lukeba CB
13%
Stade Brest Edimilson Fernandes CM
13%
Feyenoord Igor Paixão LW
13%
Atletico Madrid José María Giménez CB
13%
Girona Ladislav Krejčí CB
13%
VfB Stuttgart Maximilian Mittelstädt LB
13%
Borussia Dortmund Pascal Groß DM
13%
RB Leipzig Amadou Haidara CM
12%
VfB Stuttgart Enzo Millot AM
12%
Sporting Hidemasa Morita CM
12%
Bologna Jhon Lucumí CB
12%
LOSC Lille Aïssa Mandi CB
11%
Sporting Franco Israel GK
11%
Sporting Geovany Quenda WB
11%
Celtic Kyogo Furuhashi FW
11%
Aston Villa Lamare Bogarde RB
11%
Monaco Lamine Camara DM
11%
Monaco Maghnes Akliouche RW
11%
Stade Brest Mahdi Camara CM
11%
Stade Brest Marco Bizot GK
11%
BSC Young Boys Mohamed Aly Camara CB
11%
Monaco Wilfried Singo RB
11%
LOSC Lille Benjamin André CM
10%
Celtic Cameron Carter-Vickers CB
10%
Monaco Eliesse Ben Seghir LW
10%
Bayer 04 Leverkusen Martin Terrier AM
10%
Atalanta Bergamo Matteo Ruggeri WB
10%
Club Brugge Maxim De Cuyper LB
10%
LOSC Lille Mitchel Bakker LB
10%
Bologna Sam Beukema CB
10%
Monaco Vanderson LB
10%
Celtic Alistair Johnston RB
9%
RB Leipzig Antonio Nusa RM
9%
RB Leipzig Benjamin Henrichs RB
9%
Celtic Callum McGregor CM
9%
Club Brugge Christos Tzolis LM
9%
Benfica Florentino Luís DM
9%
Dinamo Zagreb Martin Baturina CM
9%
Girona Miguel Gutiérrez LB
9%
RB Salzburg Oscar Gloukh LW
9%
VfB Stuttgart Chris Führich LW
8%
Stade Brest Ludovic Ajorque FW
8%
Monaco Mohammed Salisu CB
8%
Celtic Nicolas-Gerrit Kühn RW
8%
Girona Oriol Romeu DM
8%
Shakhtar Donetsk Pedro Henrique LB
8%
Atletico Madrid Rodrigo Riquelme WB
8%
PSV Eindhoven Ryan Flamingo CB
8%
Feyenoord Gernot Trauner CB
7%
Club Brugge Joel Ordóñez CB
7%
Girona Bryan Gil LW
6%
Bologna Charalambos Lykogiannis LB
6%
Shakhtar Donetsk Heorhiy Sudakov AM
6%
Feyenoord Hwang In-beom CM
6%
Dinamo Zagreb Kévin Théophile-Catherine CB
6%
Dinamo Zagreb Marko Pjaca FW
6%
Bologna Nikola Moro LM
6%
Monaco Philipp Köhn GK
6%
Club Brugge Raphael Onyedika DM
6%
Feyenoord Timon Wellenreuther GK
6%
Celtic Arne Engels RM
5%
Benfica Benjamín Rollheiser AM
5%
BSC Young Boys Filip Ugrinic CM
5%
Sporting Geny Catamo WB
5%
BSC Young Boys Jaouen Hadjam LB
5%
PSV Eindhoven Joel Drommel GK
5%
Stade Brest Kenny Lala RB
5%
LOSC Lille Osame Sahraoui LM
5%
Feyenoord Ramiz Zerrouki CM
5%
Celtic Reo Hatate LM
5%
PSV Eindhoven Richy Ledezma RB
5%
Girona Viktor Tsyhankov RW
5%
RB Salzburg Amar Dedić RB
4%
RB Leipzig Arthur Vermeeren CM
4%
VfB Stuttgart Atakan Karazor CM
4%
LOSC Lille Bafodé Diakité CB
4%
Club Brugge Brandon Mechele CB
4%
BSC Young Boys David von Ballmoos GK
4%
BSC Young Boys Ebrima Colley LW
4%
Bologna Giovanni Fabbian RM
4%
VfB Stuttgart Jamie Leweling RW
4%
PSV Eindhoven Matteo Dams LB
4%
Red Star Belgrade Rade Krunić DM
4%
BSC Young Boys Silvère Ganvoula FW
4%
LOSC Lille Alexsandro Ribeiro CB
3%
Club Brugge Andreas Skov Olsen RM
3%
Stade Brest Brendan Chardonnet CB
3%
BSC Young Boys Cheikh Niasse DM
3%
Stade Brest Hugo Magnetti CM
3%
BSC Young Boys Joel Monteiro RW
3%
VfB Stuttgart Josha Vagnoman RB
3%
VfB Stuttgart Julian Chabot CB
3%
RB Salzburg Kamil Piątkowski CB
3%
Sparta Prague Lukáš Haraslín LW
3%
Sparta Prague Martin Vitík CB
3%
Red Star Belgrade Nasser Djiga CB
3%
Red Star Belgrade Omri Glazer GK
3%
Stade Brest Romain Faivre RW
3%
BSC Young Boys Sandro Lauper CM
3%
RB Salzburg Stefan Bajcetic CM
3%
Dinamo Zagreb Stefan Ristovski CB
3%
BSC Young Boys Tanguy Zoukrou CB
3%
Feyenoord Thomas Beelen CB
3%
Sparta Prague Veljko Birmančević RW
3%
Sparta Prague Victor Olatunji FW
3%
Sturm Graz William Vick AM
3%
BSC Young Boys Zachary Athekame RB
3%
Sparta Prague Ángelo Preciado RM
2%
VfB Stuttgart Anthony Rouault CB
2%
Red Star Belgrade Bruno Duarte FW
2%
Shakhtar Donetsk Danylo Sikan FW
2%
Shakhtar Donetsk Dmytro Riznyk GK
2%
Paris Saint-Germain Fabián Ruiz Peña LM
2%
Celtic Greg Taylor LB
2%
Club Brugge Gustaf Nilsson FW
2%
Club Brugge Hugo Vetlesen CM
2%
Dinamo Zagreb Ivan Nevistić GK
2%
RB Salzburg Janis Blaswich GK
2%
Club Brugge Joaquin Seys RB
2%
Sturm Graz Jon Gorenc Stanković DM
2%
Stade Brest Jordan Amavi LB
2%
Dinamo Zagreb Josip Mišić CM
2%
Sparta Prague Kaan Kairinen CM
2%
Slovan Bratislava Kevin Wimmer LB
2%
Sturm Graz Kjell Scherpen GK
2%
Celtic Liam Scales CB
2%
Sturm Graz Mika Biereth FW
2%
Red Star Belgrade Mirko Ivanić AM
2%
RB Salzburg Nicolás Capaldo RM
2%
Red Star Belgrade Ognjen Mimovic RB
2%
Red Star Belgrade Peter Olayinka LW
2%
Sparta Prague Qazim Laçi CM
2%
Dinamo Zagreb Samy Mmaee CB
2%
Stade Brest Soumaïla Coulibaly CB
2%
Dinamo Zagreb Takuya Ogiwara LB
2%
Red Star Belgrade Timi Elšnik DM
2%
Shakhtar Donetsk Valerii Bondar CB
2%
Shakhtar Donetsk Artem Bondarenko DM
1%
RB Salzburg Bobby Clark LM
1%
Slovan Bratislava Dávid Strelec FW
1%
Sturm Graz Dimitri Lavalée LB
1%
Shakhtar Donetsk Eguinaldo LW
1%
Sparta Prague Filip Panák CB
1%
Sturm Graz Gregory Wüthrich CB
1%
Slovan Bratislava Guram Kashia CB
1%
RB Salzburg Hendry Blank CB
1%
Sparta Prague Jaroslav Zelený CB
1%
RB Salzburg John Mellberg LB
1%
Feyenoord Jordan Lotomba RB
1%
Slovan Bratislava Juraj Kucka DM
1%
Sturm Graz Jusuf Gazibegović RB
1%
Shakhtar Donetsk Mykola Matviyenko CB
1%
RB Salzburg Nene Dorgeles RW
1%
Sturm Graz Otar Kiteishvili LM
1%
Sparta Prague Peter Vindahl Jensen GK
1%
Red Star Belgrade Seol Young-woo LB
1%
Slovan Bratislava Tigran Barseghyan RW
1%
Sparta Prague Tomáš Wiesner LM
1%
Sturm Graz Tomi Horvat RM
1%
Red Star Belgrade Uroš Spajić CB
1%
Shakhtar Donetsk Yukhym Konoplia RB
1%
Feyenoord Antoni Milambo RW
0%
Slovan Bratislava César Blackman RB
0%
Slovan Bratislava Danylo Ihnatenko DM
0%
Shakhtar Donetsk Dmytro Kryskiv DM
0%
Slovan Bratislava Dominik Takáč GK
0%
Sturm Graz Emanuel Aiwum CB
0%
Slovan Bratislava Kenan Bajrić CB
0%
Slovan Bratislava Marko Tolić AM
0%
RB Salzburg Moussa Kounfolo Yeo FW
0%
Shakhtar Donetsk Oleksandr Zubkov RW
0%
Sturm Graz Seedy Jatta FW
0%
Red Star Belgrade Silas Katompa RW
0%
Slovan Bratislava Vladimír Weiss LW
0%
No matching quizzes found
Score Distribution
Percent of People with Each Score
Percentile by Number Answered
Your Score History
You have not taken this quiz since the last reset